Kafla e hijaz - قافلہ حجاز (Record no. 534318)
[ view plain ]
| 000 -LEADER | |
|---|---|
| fixed length control field | 00447nam a22001697a 4500 |
| 003 - CONTROL NUMBER IDENTIFIER | |
| control field | NUST - |
| 005 - DATE AND TIME OF LATEST TRANSACTION | |
| control field | 20200213125509.0 |
| 008 - FIXED-LENGTH DATA ELEMENTS--GENERAL INFORMATION | |
| fixed length control field | 160112b xxu||||| |||| 00| 0 eng d |
| 020 ## - INTERNATIONAL STANDARD BOOK NUMBER | |
| International Standard Book Number | - |
| 038 ## - RECORD CONTENT LICENSOR | |
| Staff Name | MSOHAIL |
| 040 ## - CATALOGING SOURCE | |
| Transcribing agency | LIBRARY |
| 082 ## - DEWEY DECIMAL CLASSIFICATION NUMBER | |
| Classification number | 891.4399 NAS |
| 100 ## - MAIN ENTRY--PERSONAL NAME | |
| Personal name | Nasim Hijazi |
| 9 (RLIN) | 1042 |
| 245 ## - TITLE STATEMENT | |
| Title | Kafla e hijaz - قافلہ حجاز |
| Statement of responsibility, etc. | Nasim Hijazi - نسیم حجاز |
| 650 ## - SUBJECT ADDED ENTRY--TOPICAL TERM | |
| Topical term or geographic name entry element | Urdu Literature |
| General subdivision | General |
| 9 (RLIN) | 20894 |
| 942 ## - ADDED ENTRY ELEMENTS (KOHA) | |
| Source of classification or shelving scheme | |
| Koha item type | Book |
| Withdrawn status | Lost status | Source of classification or shelving scheme | Damaged status | Not for loan | Permanent Location | Current Location | Date acquired | Total Checkouts | Full call number | Barcode | Checked out | Date last seen | Date last checked out | Price effective from | Koha item type |
|---|---|---|---|---|---|---|---|---|---|---|---|---|---|---|---|
| School of Civil and Environmental Engineering (SCEE) | School of Civil and Environmental Engineering (SCEE) | 02/13/2020 | 1 | 891.4399 NAS | NIT-9756 | 08/03/2024 | 07/19/2024 | 07/19/2024 | 02/13/2020 | Book |
